000 00488nam a2200169 a 4500
001 000032930
005 20200930065923.0
008 110802s1958 dr 000 0 spa d
040 _aDO-SdBNP
_bspa
_cBNPHU
245 1 0 _aPor la democracia dominicana /
_ccompilador Ramón Grullón.
260 _aMéxico, D. F.,
_c1958.
300 _a183 p. ;
_c22 cm.
490 1 _aTribuna Dominicana
_v4
700 1 _aGrullón, Ramón
_958681
830 0 _aTribuna Dominicana
_v4
_958682
049 _aBNPD
999 _c32421
_d32421